000 00660nam a2200253Ia 4500
003 OSt
005 20220918223522.0
006 a|||||r|||| 00| 0
007 ta
008 220917b |||||||| |||| 00| 0 eng d
024 _a223,101
037 _cTextual
040 _aARTS
_cARTS
_beng
041 _2eng
_aeng
082 _aY:45N, P3
100 _aPaul Gilbert
_9145926
245 0 _aNew terror new wars
260 _aEdinburgh
_bEdinburgh Univ. press
_c2003
300 _axii, 164p
_ccm.
490 _aContemporary ethical debates
650 _aSOCIOLOGY
942 _hY:45N, P3
_cTEXL
_2CC
999 _c278679
_d278679